| 000 | 00361nam a2200157Ia 4500 | ||
|---|---|---|---|
| 008 | 230917s9999||||xx |||||||||||||| ||und|| | ||
| 020 | _cGBP0.9 | ||
| 040 |
_e144038 _aMAIN |
||
| 041 | _aEnglish | ||
| 082 | _a942 P363p | ||
| 100 | _aBindoff, S. T | ||
| 245 | 0 | _aTidor england | |
| 260 |
_aEngland _bPenguin Books _c1976 |
||
| 300 | _a317p. p. | ||
| 942 | _cBK | ||
| 999 |
_c197551 _d197551 |
||